| 000 | 01066nam a2200301 i 4500 | ||
|---|---|---|---|
| 001 | b20455471 | ||
| 003 | KOSZ 005 | ||
| 005 | 20200630132818.0 | ||
| 008 | 070620s1969 pl a g 001 0 pol | ||
| 015 | _aPB 1969/7559 | ||
| 040 |
_aWA N _cKOSZ 005/ID _dKOSZ 005/ID |
||
| 041 | 1 |
_apol _heng |
|
| 080 | _a62.001+5 | ||
| 245 | 0 | 0 |
_aNajnowsze osiągnięcia nauki i techniki / _cred. R. Colborn ; tł. Aleksander Blum [et al.]. |
| 246 | 1 |
_iTyt. oryg.: _aModern science and technology. |
|
| 260 |
_aWarszawa : _bPaństwowe Wydawnictwo Naukowe, _c1969. |
||
| 300 |
_a862, [2] s., 8 s. tabl. : _bil. ; _c27 cm. |
||
| 380 | _aKsiążki. | ||
| 504 | _aBibliogr. przy rozdz. Indeks. | ||
| 650 | 4 | _aMatematyka | |
| 650 | 4 | _aTechnika | |
| 650 | 4 | _aNauki przyrodnicze | |
| 700 | 1 |
_aColborn, Robert. _eRed. |
|
| 700 | 1 |
_aBlum, Aleksander _eTłumaczenie |
|
| 710 | 2 |
_aPaństwowe Wydawnictwo Naukowe _4pbl. |
|
| 856 |
_uhttp://koha.tu.koszalin.pl/cgi-bin/koha/opac-detail.pl?biblionumber=8394 _yKatalog online BPK |
||
| 942 |
_2UKD _cKS |
||
| 999 |
_c8394 _d8394 |
||